000 00921nam a22003017a 4500
001 6656
003 FISKH
005 20250519103654.0
008 250519b cb ||||| |||| 00| 0 eng d
020 _a0439154529
040 _aFISKH
_beng
_cFISKH
_dFISKH
050 _aQC225 .P49
082 _a534
100 _aPfeffer, Wendy
245 _aSound all around /
_cBy Wendy Pfeffer ; Illustrated by Holly Keller
250 _aThis edition first published in 1999
260 _aNew York :
_bScholastic,
_c1999
300 _a32 pages :
_bcolor illustrations ;
_c21 x 25 cm
505 _aN
520 _aExplains how sounds are made and the purposes they serve for both humans and other animals.
521 8 _a540
_bLexile
521 8 _aN
_bRaz-Plus
650 _2Physical science
_aPhysics
650 _2Science
_aHearing
700 _aKeller, Holly
_dillustrator
942 _2ddc
_cBK
_n0
999 _c6656
_d6656